000
00289nam a22001337a 4500
003
SGT
082
_a
621.8,GIL
100
_a
GILL P.S
245
_a
TEXT BOOK OF MACHINE DRAWING
250
_a
13TH
260
_b
S.K. KATARIA AND SONS PUBLISHARS
_c
1990
300
_a
570
942
_2
ddc
_c
BK
999
_c
34785
_d
34785